Fernverkehrsbahnhöfe in Schleswig-Holstein - Statistiken

Allgemein
  • Dieses Quiz wurde 92 mal gespielt
  • Das Durchschnittsergebnis liegt bei 8 aus 12
Antwortstatistiken
Antwort % Korrekt
Flensburg
92%
Kiel Hauptbahnhof
84%
Neumünster
84%
Lübeck Hauptbahnhof
80%
Westerland (Sylt)
78%
Husum
73%
Itzehoe
70%
Heide (Holst)
64%
Rendsburg
62%
Niebüll
59%
Schleswig
58%
Büchen
28%
Keine übereinstimmenden Quizze gefunden
Verteilung der Resultate
Anzahl Personen mit jedem Resultat
Perzentil nach korrekt beantworteten Fragen
Ihre Resultats-Entwicklung
Sie haben dieses Quiz noch nicht gespielt